|
|
|
|
| LEADER |
01049nam a2200241 a 4500 |
| 001 |
931798 |
| 008 |
090907s1982 ii a b 100 0 eng d |
| 010 |
|
|
|a 82905985
|
| 040 |
|
|
|a DLC
|c DLC
|d DLC
|
| 082 |
0 |
0 |
|a 683/.8
|2 19
|
| 245 |
0 |
0 |
|a Solar cookers and ovens :
|b technology options.
|
| 260 |
|
|
|a New Delhi :
|b Consortium on Rural Technology,
|c 1982.
|
| 300 |
|
|
|a 56 p., [1] folded leaf :
|b ill. ;
|c 26 cm.
|
| 500 |
|
|
|a "Based on Workshop on 'Solar Cookers and Ovens' held at Gandhi Peace Foundation, New Delhi, on 7th & 8th July, 1981."
|
| 504 |
|
|
|a Bibliography: p. 31.
|
| 541 |
1 |
|
|e 00001187
|
| 650 |
|
0 |
|a Solar ovens
|x Congresses.
|
| 650 |
|
0 |
|a Solar cookery
|x Congresses.
|
| 711 |
2 |
|
|a Workshop on "Solar Cookers and Ovens"
|d (1981 :
|c New Delhi, India)
|
| 710 |
2 |
|
|a Consortium on Rural Technology (India)
|
| 852 |
4 |
|
|a Ayesha Abed Library
|j General shelf
|
| 999 |
|
|
|c 3944
|d 3944
|
| 952 |
|
|
|0 0
|1 4
|2 ddc
|4 0
|6 683_800000000000000_SOL
|7 0
|9 3629
|a BRACUL
|b BRACUL
|c GEN
|d 2009-09-16
|g 30.00
|l 0
|o 683.8 SOL
|p 3010001187
|r 2009-09-16
|t 1
|w 2009-09-16
|y BK
|x Koha Inventory 2020
|